| 000 | 00408nam a2200145Ia 4500 | ||
|---|---|---|---|
| 008 | 230411s9999 xx 000 0 und d | ||
| 020 | _a81-239-0345-6 | ||
| 041 | _aeng | ||
| 082 | _aPS/610.7368/BHA/B00435 | ||
| 100 |
_aBhatia M S _9176403 |
||
| 245 | _aConcised Textbook on Psychiatric Nursing | ||
| 260 |
_bCBS Publishers & Distributors _aNew Delhi _c1994 |
||
| 300 | _a224p | ||
| 999 |
_c151908 _d151908 |
||